| 000 | 01703nam a2200337 i 4500 | ||
|---|---|---|---|
| 003 | EG-ScBUE | ||
| 005 | 20240214124227.0 | ||
| 008 | 100729s1983 u a af b 000 0cara d | ||
| 017 | _a1984 / 1706 | ||
| 040 |
_aEG-ScBUE _bara _erda _cEG-ScBUE _dEG-ScBUE |
||
| 041 | 1 |
_aara _heng |
|
| 043 | _af------ | ||
| 082 | 0 | 4 |
_222 _a916.04 _bك ا م |
| 100 | 1 |
_916901 _aجوزفين، كام، _eمؤلف. |
|
| 245 | 1 | 2 |
_aالمستكشفون في أفريقيا / _cجوزفين كام ؛ ترجمة وتقديم وتعليق دكتور السيد يوسف نصر، مدرس التاريخ الحديث والمعاصر، كلية الآداب، جامعة أسيوط ؛ راجع الترجمة إلى العربية دكتور محمد على وقاد، مدرس اللغة الإنجليزية، كلية الآداب، جامعة أسيوط. |
| 264 | 1 |
_aالقاهرة : _bدار المعارف، _c1983. |
|
| 300 |
_a360 صفحة ؛ _bإيضاحيات : _c24 سم |
||
| 336 |
_2rdacontent _aنص _btxt |
||
| 337 |
_aبدون وسيط _2rdamedia _bn |
||
| 338 |
_aمجلد _bnc _2rdacarrier |
||
| 504 | _aيشتمل على إرجاعات ببليوجرافية. | ||
| 541 |
_aألف باء ؛ _cشراء ؛ |
||
| 546 | _aالنص باللغة العربية وتم ترجمته من اللغة الإنجليزية. | ||
| 650 | 7 |
_98091 _aالمستكشفون. _2BUEsh |
|
| 650 | 7 |
_916905 _aالكشوف الجغرافية. _2BUEsh |
|
| 651 | 7 |
_913600 _aأفريقيا _xوصف ورحلات. _2BUEsh |
|
| 655 | _vReading book | ||
| 700 | 1 |
_916902 _aنصر ، السيد يوسف، _eمترجم، _eمقدم، _eمعلق. |
|
| 700 | 1 |
_916903 _aوقاد، محمد علي، _eمراجع. |
|
| 942 |
_2ddc _cBB |
||
| 999 |
_c14578 _d14578 |
||